000 00510nam a2200169Ia 4500
005 20250508161546.0
008 008 250505s9999 xx 000 0 hin d
037 _aTextual
040 _aFEDL
_beng
_cFEDL
041 _ahin
_2hin
084 _a917, NAT
_qFEDL
245 0 _aAustralia aur uttar wa Dakshin America. Part 2
260 _aNew Delhi, India
_bNational Council of Educational Research and Training
_c1970
300 _a210p.
942 _cTEXL
_h917, NAT
999 _c1370771
_d1370771